000 00484nam a2200169Ia 4500
005 20250326130611.0
008 250326s9999 xx 000 0 und d
037 _aTextbook
040 _aFMSL
_beng
_cFMSL
041 _aeng
_2eng
084 _aX:89A Q1
_qFMSL
100 _aLi J
_9740892
245 0 _aRisk management of supply and cash flows in supply chains
_cLI J; Chen J
260 _aN
_bN, Y Springer
_c2011
942 _cTB
_hX:89A Q1
999 _c1283261
_d1283261